Birkózás Bronzérmes a magyar bajnokságon
Elmentve itt :
| Dokumentumtípus: | Cikk |
|---|---|
| Megjelent: |
1977-06-23
|
| Sorozat: | Délmagyarország
67 No. 145 |
| Kulcsszavak: | Kotogán István, birkózás |
| Online Access: | http://dmarchiv.bibl.u-szeged.hu/96240 |
| LEADER | 00432nab a2200145 i 4500 | ||
|---|---|---|---|
| 001 | delm96240 | ||
| 005 | 20190529093019.0 | ||
| 008 | 190529s1977 hu o 0|| hun d | ||
| 040 | |a SZTE Délmagyarország Archívum |b hun | ||
| 041 | |a hun | ||
| 245 | 0 | 0 | |a Birkózás |h [elektronikus dokumentum] : |b Bronzérmes a magyar bajnokságon |
| 260 | |c 1977-06-23 | ||
| 300 | |a 4 | ||
| 490 | 0 | |a Délmagyarország |v 67 No. 145 | |
| 695 | |a Kotogán István, birkózás | ||